000 01484nam a2200349 a 4500
001 ebr10480014
003 CaPaEBR
006 m u
007 cr cn|||||||||
008 100721s2010 enk sb 001 0 eng d
010 _z 2010294533
020 _z9780745328980 (hbk.)
020 _z0745328989 (hbk.)
020 _z0745328970 (pbk.)
020 _z9780745328973 (pbk.)
020 _z9781849644457 (e-book)
040 _aCaPaEBR
_cCaPaEBR
035 _a(OCoLC)658041388
050 1 4 _aDS79.76
_b.O88 2010eb
100 1 _aOtterman, Michael.
245 1 0 _aErasing Iraq
_h[electronic resource] :
_bthe human costs of carnage /
_cMichael Otterman and Richard Hil ; with Paul Wilson.
260 _aLondon ;
_aNew York :
_bPluto Press :
_bIn Association with the Plumbing Trades Employee Union of Australia (PTEU) :
_bDistributed in the United States of America exclusively by Palgrave Macmillan,
_c2010.
300 _axvi, 248 p.
504 _aIncludes bibliographical references and index.
533 _aElectronic reproduction.
_bPalo Alto, Calif. :
_cebrary,
_d2013.
_nAvailable via World Wide Web.
_nAccess may be limited to ebrary affiliated libraries.
650 0 _aIraq War, 2003-2011.
655 7 _aElectronic books.
_2local
700 1 _aHil, Richard,
_d1953-
700 1 _aWilson, Paul R.
710 2 _aebrary, Inc.
856 4 0 _uhttp://site.ebrary.com/lib/rucke/Doc?id=10480014
_zAn electronic book accessible through the World Wide Web; click to view
999 _c220445
_d220445